000 02011nam a2200361 a 4500
001 000035566
003 DO-SdBNP
005 20220913093638.0
007 ta
008 111103s2011 dr 000 0 spa d
020 _a9789945164455
040 _aDO-SdBNP
_bspa
_cBNPHU
082 4 _a306.362
_bM953e
_222
245 0 0 _aMujeres en el camino /
_cprólogo, Bridget Wooding.
260 _aSanto Domingo :
_aObservatorio Migrante del Caribe,
_c2011.
300 _a158 p. ;
_c22 cm.
500 _aInforme de estudio cualitativo sobre víctimas de trata / elaborado por Tahira Vargas García para la Organización Internacional para la Migraciones (OIM) -- Informe de estudio cualitativo sobre la trata de mujeres haitianas en República Dominicana tras el terremoto en Haití / elaborado por OBMICA para la Organización Internacional para las Migraciones (OIM).
500 _a"Segundo estudio de la autoría de tres investigadores asociados de OBMICA, Cristina Santillán, Eddy Tejeda, y Jonathan Boyer"--p. 13.
500 _aIncluye referencias bibliográficas y notas al pie de las páginas
504 _aBibliografía : p. 149 - 158
590 _aInventariado, 2022/MFF
650 4 _aVíctimas de trata de personas
_zRepública Dominicana
_982339
650 4 _aDelitos contra la mujer
_zRepública Dominicana
_912636
650 4 _aDominicanos (República Dominicana)
_xDelitos contra
_zPaíses extranjeros
_982340
650 4 _aHaitianos
_xDelitos contra
_zRepública Dominicana
_982341
700 1 _aWooding, Bridget
_epról.
_eed.
_92231
700 1 _aVargas, Tahira
_tInforme de estudio cualitativo sobre víctimas de trata.
_982342
700 1 _aSantillán, Cristina,
_tInforme de estudio cualitativo sobre la trata de mujeres haitianas en República Dominicana tras el terremoto en Haití.
_982343
710 2 _aObservatorio Migrantes del Caribe
_972831
710 2 _aInternational Organization for Migration.
_982344
910 _aValidado. Control de calidad MFF
942 _2ddc
_cLBS1
999 _c35057
_d35057